000 01229nam a22002537a 4500
005 20170124102958.0
010 _aB-179390
020 _c300.00
035 _aB-179390
037 _bCen Lib/Ret
040 _aDPL
_bHN
082 _a821
_bशेवड़े
100 _aशेवड़े, गोपाल कृष्ण
_9118453
245 _aबृहद अंग्रेजी-हिन्दी जीव विज्ञान शब्दकोश /
_cगोपाल कृष्ण शेवड़े
246 _aBrihad angrezi-hindi : jeev vigyan shabdkosh /
_bby Gopal Krishn Shevre
260 _aदिल्ली
_bडिस्कवरी बुक सेंटर
_c2004
270 _bदिल्ली
_a33 ए, नई सब्जी मंडी, आजादपुर
_e110033
300 _a288पृ. :
_c21सेमी (सजिल्द)
_bसचित्र
650 _aहिन्दी -- साहित्य
_9118454
650 _aहिन्दी -- शब्दकोश -- जीव विज्ञान
_953896
650 _aHindi -- Literature
_9118455
650 _aHindi - Dictionary - biology
_953898
942 _2ddc
_cHN
_h821
_mशेवड़े
999 _c113800
_d113800